000
00306nam a2200109 4500
999
_c
9494
_d
9494
008
180705b ||||| |||| 00| 0 eng d
245
_a
Toxic warning on 'Shrilling Chicken'.
260
_a
Philippines
_b
Manila Bulletin
_c
c2017
300
_a
page 7.
650
0
_9
28211
_a
Poison and poisoning.
942
_2
ddc
_c
PER